000 00521nam a22001337a 4500
040 _cNUST
082 _a220 PRO
100 _aAnmol Nisa Fatimah Tahira Husain M Faizan Altaf Marriam Imran
_9122868
110 _aSupervisor Dr. Kunwar Faraz Lec Usman Asad LE Adnan Shuja
_9122869
245 _aPR-SOF-2326-Design, Development and Analysis of a Wall-Climbing Robot for Cleaning and Inspection of Coal-Fired Boilers
260 _aISLAMABAD:
_bNUST COLLEGE OF EME,
_c2023.
650 _aDE-MTS-41
_9122842
942 _2ddc
_cPR
999 _c609269
_d609269